• 首页
  • 本馆介绍
  • 公告通知
  • 最新文献
  • 馆藏检索
  • 电子资源
  • 读者导购
  • 参考咨询
  • 我的图书馆
  • 登录
  • 详细信息显示
  • 放入我的书架
  • 预约/预借图书
  • 作者相关作品
  • 分类相关作品
  • 丛书相关作品
  • 出版社相关作品

书目信息

  • 表格格式
  • 工作单格式
  • 卡片格式
题名:
艺术问题
    
 
作者: 朗格 , Langer 著 ;滕守尧 译
分册:  
出版信息: 南京   南京出版社  2006
页数: 188页
开本: 24cm
丛书名: 艺术教育前沿论丛
单 册:
中图分类: J0-53
科图分类:
主题词: 艺术理论--研究 , 艺术理论
电子资源:
ISBN: 7-80718-128-1
000 01174oam2 2200301 450
001 012007612194
005 20070515112244.64
010    @a7-80718-128-1@dCNY25.00
100    @a20070424d2006 km y0chiy0120 ea
101 1  @achi@ceng
102    @aCN@b320000
105    @aa z 000yy
106    @ar
200 1  @a艺术问题@Ayi shu wen ti@f(美)苏珊·朗格(Susanne K.Langer)著@F(mei)su shan·lang ge(Susanne K.Langer)zhu@g滕守尧译@Gteng shou yao yi
210    @a南京@c南京出版社@d2006
215    @a188页@c图@d24cm
225 2  @a艺术教育前沿论丛
330    @a本书提出艺术应当表现“生命的逻辑形式”,并将这种生命形式的基本特点概括为有机性、运动性、节奏性和不断成长性,进而认为艺术创造应当把握这些特征、自觉运用艺术直觉捕捉艺术形式与生命的逻辑形式之间的“象征性联系”,创造出“与情感和生命的形式相一致”的“有意味的形式”,即幻象符号。
461  0 @12001 @a艺术教育前沿论丛
510 1  @aProblems of art@zeng
606 0  @a艺术理论@x研究
606 0  @a艺术理论
690    @aJ0-53@v4
701  1 @c(美)@a朗格@Alang ge@b苏珊@4著
701  1 @c(美)@aLanger@bSusanne K.@4著
702  0 @a滕守尧@Ateng shou yao@4译
801  0 @aCN@bRULIN@c20070515
905    @dJ0-53@e184@s5
    
    艺术问题/(美)苏珊·朗格(Susanne K.Langer)著/滕守尧译.-南京:南京出版社,2006
    188页:图;24cm.-(艺术教育前沿论丛)
    
    
    ISBN 7-80718-128-1:CNY25.00
    本书提出艺术应当表现“生命的逻辑形式”,并将这种生命形式的基本特点概括为有机性、运动性、节奏性和不断成长性,进而认为艺术创造应当把握这些特征、自觉运用艺术直觉捕捉艺术形式与生命的逻辑形式之间的“象征性联系”,创造出“与情感和生命的形式相一致”的“有意味的形式”,即幻象符号。
●
相关链接 在E读中查询图书 在五车中查询图书 在当当中查询图书 在豆瓣中查询图书


正题名:艺术问题     索取号:J0-53/184         预约/预借

序号 登录号 条形码 馆藏地/架位号 状态 备注
1 0570379   205703791   第一样本阅览室/ [索取号:J0-53/184] 在馆    
2 0570380   205703808   第一借阅区/ [索取号:J0-53/184] 在馆    
3 0570381   205703817   第一借阅区/ [索取号:J0-53/184] 在馆    
4 0570382   205703826   第一借阅区/ [索取号:J0-53/184] 在馆    
5 0570383   205703835   第一借阅区/ [索取号:J0-53/184] 在馆    
唐山师范学院图书馆 欢迎您!
大连网信软件有限公司© 版权所有